000 03325nam0a2200445 4500
001 RU\NLR\BIBL_A\022175832
005 20260408084504.0
010 _a978-5-9571-3531-9
_9100
035 _a(NLR Aleph) 022175832
090 _a12966597
_c12966597
100 _a20240321d2023 |||y0rusy50 ca
101 0 _arus
102 _aRU
105 _aa z 100yy
181 0 _ai3
_baxxe
182 0 _an
200 1 _aНеделя науки - 2023
_iСборник материалов студенческих научных конференций Педагогического института НИУ "БелГУ", 17-24 апреля 2023 г.
_fМинистерство науки и высшего образования Российской Федерации, Федеральное государственное автономное образовательное учреждение высшего образования "Белгородский государственный национальный исследовательский университет"
_gредакционная коллегия: Т. А. Алтухова [и др.]
203 _aТекст
_bвизуальный
_cнепосредственный
210 _aБелгород
_cБелГУ
_cНИУ "БелГУ"
_d2023
215 _a419 с.
_cил.
_d21
320 _aБиблиогр. в конце ст.
606 1 _aПедагогика
_jСъезды, совещания и т.п
_9921924
_3RU\NLR\AUTH\6619222
606 1 _aФизическая культура и спорт
_jСъезды, совещания и т.п
_9909851
_3RU\NLR\AUTH\6612378
606 1 _aФилология
_jСъезды, совещания и т.п
_9921663
_3RU\NLR\AUTH\6619068
606 1 _aВсеобщая история
_jСъезды, совещания и т.п
_91324332
_3RU\NLR\AUTH\66234889
606 1 _aПсихология воспитания
_jСъезды, совещания и т.п
_92223109
_3RU\NLR\AUTH\6601567811
686 1 _aТ3(0)я431
686 1 _aЧ51я431
686 1 _aЧ30я431
686 1 _aШ.я431
686 1 _aЮ984.01я431
702 1 _4340
_aАлтухова
_bТ. А.
_cканд. пед. наук
_gТатьяна Андреевна
_9214611
_3RU\NLR\AUTH\770214667
711 0 2 _aБелгородский государственный национальный исследовательский университет
_bНеделя науки
_f2023
_9853773
_3RU\NLR\AUTH\880594098
711 0 2 _aБелгородский государственный национальный исследовательский университет
_bПедагогический институт
_bСтуденческая научная конференция
_f2023
_9878886
_3RU\NLR\AUTH\880607035
712 0 2 _4557
_aБелгородский государственный национальный исследовательский университет
_3RU\NLR\AUTH\8810197260
_9283545
942 _cBOOK
980 _aNB